[Event "WLS-ch 64th"]
[Site "Cardiff"]
[Date "2018.04.01"]
[Round "5"]
[White "Ehsandar, Peter"]
[Black "Bullen, Alex"]
[Result "1/2-1/2"]
[WhiteElo "1993"]
[BlackElo "2112"]
[PlyCount "61"]
[EventDate "2018.03.30"]
[EventType "swiss"]
[EventRounds "7"]
[EventCountry "WLS"]
[SourceTitle "CBM 183 Extra"]
[Source "ChessBase"]
[SourceDate "2018.04.19"]
[SourceVersion "1"]
[SourceVersionDate "2018.04.19"]
[SourceQuality "1"]

1. e4 c5 2. Nf3 e6 3. d4 cxd4 4. Nxd4 Nf6 5. Nc3 Nc6 6. Be3 Bb4 7. Bd3 d5 8. exd5 Nxd5 9. Nxc6 bxc6 10. Bd2 Nxc3 11. bxc3 Bd6 12. Qg4 Qf6 13. 0-0 Bd7 14. Rab1 e5 15. Qe4 Qg6 16. Qf3 f5 17. Bc4 e4 18. Rfe1 Be6 19. Bxe6 Qxe6 20. Qh5+ Qg6 21. Qxg6+ hxg6 22. g3 0-0 23. Be3 Rfb8 24. Rb3 Rb5 25. Reb1 Ra5 26. Rd1 Be5 27. a3 Rd5 28. Rdb1 Ra5 29. Rd1 Rd5 30. Rdb1 Ra5 31. Rd1 1/2-1/2

[Event "Bridgend South Wales op"]
[Site "Bridgend"]
[Date "2018.01.06"]
[Round "2"]
[White "Jukes, Sam"]
[Black "Ehsandar, Peter"]
[Result "0-1"]
[WhiteElo "1740"]
[BlackElo "1987"]
[PlyCount "74"]
[EventDate "2018.01.05"]
[EventType "swiss"]
[EventRounds "5"]
[EventCountry "WLS"]
[SourceTitle "CBM 182 Extra"]
[Source "ChessBase"]
[SourceDate "2018.02.23"]
[SourceVersion "1"]
[SourceVersionDate "2018.02.23"]
[SourceQuality "1"]

1. e4 c5 2. d4 cxd4 3. c3 dxc3 4. Nxc3 g6 5. Bc4 Bg7 6. Nf3 Nc6 7. 0-0 e6 8. Bf4 a6 9. Qe2 Nge7 10. e5 h6 11. Rad1 g5 12. Bg3 Ng6 13. h3 h5 14. Ne4 g4 15. Nd6+ Kf8 16. hxg4 hxg4 17. Nd4 Ncxe5 18. Nxf7 Kxf7 19. Nxe6 Qf6 20. Nc5+ Kf8 21. Rfe1 Nf4 22. Qe4 Qh6 23. Nxd7+ Bxd7 24. Qxf4+ Qxf4 25. Bxf4 Nxc4 26. Rxd7 Bf6 27. g3 Re8 28. Rc1 Nxb2 29. Rcc7 Re1+ 30. Kg2 Be7 31. Rc8+ Kg7 32. Rcc7 Kf6 33. Rxb7 Rhh1 34. f3 Reg1+ 35. Kf2 Bc5+ 36. Be3 Rf1+ 37. Kg2 gxf3# 0-1

[Event "South Wales Summer op"]
[Site "Penarth"]
[Date "2017.09.03"]
[Round "4"]
[White "Ehsandar, Peter"]
[Black "Fathallah, Joe"]
[Result "1-0"]
[WhiteElo "1970"]
[BlackElo "1959"]
[PlyCount "85"]
[EventDate "2017.09.01"]
[EventType "swiss"]
[EventRounds "5"]
[EventCountry "WLS"]
[SourceTitle "EXT 2019"]
[Source "ChessBase"]
[SourceDate "2018.10.10"]
[SourceVersion "1"]
[SourceVersionDate "2018.10.10"]
[SourceQuality "1"]

1. e4 e6 2. d4 d5 3. Nc3 Nf6 4. e5 Nfd7 5. f4 c5 6. Nf3 Nc6 7. Be3 Be7 8. Qd2 0-0 9. Be2 f6 10. exf6 Nxf6 11. dxc5 Qa5 12. Bb5 Ne4 13. Nxe4 Qxb5 14. Nd6 Qxb2 15. 0-0 Qa3 16. Qd3 Qxd3 17. cxd3 Nb4 18. Rad1 Nxa2 19. Bd2 d4 20. Nxd4 Bf6 21. Ne2 b6 22. Ra1 Bxa1 23. Rxa1 bxc5 24. Nxc8 Nb4 25. Ne7+ Kf7 26. Bxb4 cxb4 27. Nc6 b3 28. Ned4 Rfc8 29. Rb1 Rc7 30. Rxb3 Rac8 31. Ne5+ Kf6 32. h4 Rc3 33. Rb7 R8c7 34. Rb5 h6 35. h5 Rc1+ 36. Kh2 Ra1 37. Rb8 Rac1 38. Rf8+ Ke7 39. Rg8 Kf6 40. Re8 g5 41. hxg6 Rc8 42. Rxe6+ Kg7 43. Re7+ 1-0

[Event "South Wales Summer op"]
[Site "Penarth"]
[Date "2017.09.02"]
[Round "3"]
[White "May, Adam John"]
[Black "Ehsandar, Peter"]
[Result "0-1"]
[WhiteElo "1944"]
[BlackElo "1970"]
[PlyCount "74"]
[EventDate "2017.09.01"]
[EventType "swiss"]
[EventRounds "5"]
[EventCountry "WLS"]
[SourceTitle "EXT 2019"]
[Source "ChessBase"]
[SourceDate "2018.10.10"]
[SourceVersion "1"]
[SourceVersionDate "2018.10.10"]
[SourceQuality "1"]

1. c4 Nf6 2. g3 g6 3. Bg2 Bg7 4. Nc3 d6 5. e4 Nc6 6. Nge2 Ne5 7. d3 Bg4 8. f4 Nf3+ 9. Kf2 Nd4 10. h3 Bxe2 11. Nxe2 Nd7 12. Be3 c5 13. Qd2 Rb8 14. Rab1 b5 15. b4 0-0 16. cxb5 Nxb5 17. bxc5 dxc5 18. Rhc1 Nd4 19. Kg1 Rb6 20. g4 e6 21. Nc3 Qb8 22. Qd1 g5 23. f5 Qg3 24. Bf2 Qf4 25. e5 Nxe5 26. Ne4 Ndf3+ 27. Kf1 Nh2+ 28. Ke2 Rxb1 29. Be3 Rxc1 30. Bxc1 Nxd3 31. Bxf4 Nxf4+ 32. Kf2 Bd4+ 33. Kg3 Rb8 34. fxe6 Rb2 35. exf7+ Kf8 36. Nxg5 Nxg2 37. Qa4 Be5+ 0-1

[Event "WLS-ch 63rd"]
[Site "Cardiff"]
[Date "2017.04.16"]
[Round "5"]
[White "Ehsandar, Peter"]
[Black "Hatchett, Paul"]
[Result "1-0"]
[WhiteElo "1933"]
[BlackElo "2022"]
[PlyCount "59"]
[EventDate "2017.04.14"]
[EventType "swiss"]
[EventRounds "7"]
[EventCountry "WLS"]
[SourceTitle "CBM 177 Extra"]
[Source "ChessBase"]
[SourceDate "2017.04.27"]
[SourceVersion "1"]
[SourceVersionDate "2017.04.27"]
[SourceQuality "1"]

1. e4 g6 2. d4 Bg7 3. Nf3 d6 4. Be2 Nf6 5. Nc3 0-0 6. 0-0 c6 7. a4 Nbd7 8. a5 e5 9. a6 b5 10. b4 exd4 11. Nxd4 Ne5 12. Nb3 Be6 13. Be3 Bxb3 14. cxb3 Qe7 15. Rc1 Rfc8 16. Re1 Ned7 17. Qd3 Nb6 18. Red1 Rd8 19. Bf3 Rac8 20. g3 Qe6 21. Ne2 Nfd7 22. Qxd6 Qxb3 23. Nd4 Qa4 24. Nxc6 Rxc6 25. Rxc6 Bf8 26. Qf4 Re8 27. Rc7 Ne5 28. Bxb6 axb6 29. Kg2 Qxa6 30. Rd5 1-0

[Event "Dyfed op"]
[Site "Fishguard"]
[Date "2017.02.25"]
[Round "2"]
[White "Ehsandar, Peter"]
[Black "Jones, Iolo Cerredig"]
[Result "0-1"]
[WhiteElo "1928"]
[BlackElo "2181"]
[PlyCount "108"]
[EventDate "2017.02.24"]
[EventType "swiss"]
[EventRounds "5"]
[EventCountry "WLS"]
[SourceTitle "EXT 2019"]
[Source "ChessBase"]
[SourceDate "2018.10.10"]
[SourceVersion "1"]
[SourceVersionDate "2018.10.10"]
[SourceQuality "1"]

1. e4 e5 2. Nf3 Nf6 3. Nxe5 d6 4. Nf3 Nxe4 5. Nc3 Nxc3 6. dxc3 Be7 7. Be3 Nc6 8. Qd2 Bg4 9. Be2 Bf6 10. h3 Be6 11. Ng5 Bxg5 12. Bxg5 Qd7 13. f4 f6 14. Bh4 Qf7 15. b3 0-0-0 16. 0-0-0 Kb8 17. g4 Rde8 18. Rhf1 f5 19. Bf3 Bd7 20. Kb2 Qg6 21. Rg1 Qh6 22. Bg3 Qf6 23. g5 Qf7 24. Bf2 Nd8 25. c4 Bc6 26. Be2 b6 27. a4 Nb7 28. h4 Re7 29. Rde1 Rhe8 30. h5 Nc5 31. Bxc5 dxc5 32. a5 Rd7 33. Bd3 Rxe1 34. Qxe1 g6 35. hxg6 hxg6 36. Qe5 Kb7 37. Qf6 bxa5 38. Qxf7 Rxf7 39. Re1 Bd7 40. Re5 Kb6 41. Rd5 Re7 42. Kc3 a4 43. b4 cxb4+ 44. Kxb4 Rh7 45. c5+ Kb7 46. Ka5 a3 47. Ba6+ Kc6 48. c4 a2 49. Bb5+ Kb7 50. Ba6+ Kb8 51. Rd1 c6 52. Ra1 Rh2 53. Kb4 Kc7 54. Kc3 Rf2 0-1

[Event "South Wales New Year op-A"]
[Site "Bridgend"]
[Date "2017.01.08"]
[Round "5"]
[White "Ehsandar, Peter"]
[Black "Sivarajasingam, Shayanna"]
[Result "1-0"]
[WhiteElo "1955"]
[BlackElo "1709"]
[PlyCount "109"]
[EventDate "2017.01.06"]
[EventType "swiss"]
[EventRounds "5"]
[EventCountry "WLS"]
[SourceTitle "EXT 2019"]
[Source "ChessBase"]
[SourceDate "2018.10.10"]
[SourceVersion "1"]
[SourceVersionDate "2018.10.10"]
[SourceQuality "1"]

1. e4 e6 2. Nc3 d5 3. d4 dxe4 4. Nxe4 Nd7 5. Nf3 Ngf6 6. Bg5 Be7 7. Nxf6+ Nxf6 8. Bxf6 Bxf6 9. c3 0-0 10. Qc2 Qd6 11. 0-0-0 Bd7 12. Bd3 h6 13. Kb1 Rfd8 14. h4 c5 15. Bh7+ Kh8 16. Ng5 Be8 17. d5 exd5 18. Bg8 g6 19. Nxf7+ Bxf7 20. Bxf7 Bg7 21. Rxd5 Qc6 22. Rhd1 Rxd5 23. Bxd5 Qb6 24. Be4 Rf8 25. Bxg6 Qc7 26. f3 Rd8 27. Re1 Qg3 28. Rh1 Qf4 29. h5 Rd2 30. Qc1 Qg5 31. Re1 Rd8 32. Qxg5 hxg5 33. Re7 b6 34. Kc2 a6 35. Rb7 b5 36. Ra7 Be5 37. h6 c4 38. a4 Bf4 39. g4 Rd2+ 40. Kb1 Rd8 41. Rxa6 bxa4 42. Rxa4 Rc8 43. Bf5 Rd8 44. Rxc4 Rb8 45. b4 Rd8 46. b5 Rb8 47. Kc2 Rd8 48. b6 Re8 49. Rxf4 gxf4 50. b7 Rb8 51. Be4 Rd8 52. g5 Rb8 53. g6 Re8 54. c4 Rd8 55. c5 1-0

[Event "WLS-ch 62nd"]
[Site "Cardiff"]
[Date "2016.03.26"]
[Round "3"]
[White "Ralphs, Nigel"]
[Black "Ehsandar, Peter"]
[Result "1/2-1/2"]
[WhiteElo "2020"]
[BlackElo "1911"]
[PlyCount "66"]
[EventDate "2016.03.25"]
[EventType "swiss"]
[EventRounds "7"]
[EventCountry "WLS"]
[SourceTitle "CBM 171 Extra"]
[Source "ChessBase"]
[SourceDate "2016.04.26"]
[SourceVersion "1"]
[SourceVersionDate "2016.04.26"]
[SourceQuality "1"]

1. e4 c5 2. Nf3 d6 3. Bb5+ Nd7 4. d4 a6 5. Bxd7+ Qxd7 6. 0-0 g6 7. dxc5 dxc5 8. Qe2 Bg7 9. c3 Qb5 10. Qxb5+ axb5 11. Be3 b6 12. Nbd2 Nf6 13. Bf4 Bb7 14. Rfe1 0-0 15. a3 Rfc8 16. Rad1 Ra4 17. Be5 e6 18. Bxf6 Bxf6 19. e5 Bg7 20. Nf1 Bd5 21. h3 b4 22. axb4 cxb4 23. Rd4 b5 24. cxb4 Rc4 25. Rxd5 exd5 26. b3 Raxb4 27. bxc4 dxc4 28. Ne3 Bf8 29. Rc1 Bc5 30. Nd2 Rb2 31. Ndxc4 bxc4 32. Rxc4 Bxe3 33. fxe3 Rb5 1/2-1/2

[Event "South Wales New Year op"]
[Site "Penarth"]
[Date "2016.01.09"]
[Round "2"]
[White "Ehsandar, Peter"]
[Black "Brown, Thomas"]
[Result "0-1"]
[WhiteElo "1914"]
[BlackElo "2072"]
[PlyCount "50"]
[EventDate "2016.01.08"]
[EventType "swiss"]
[EventRounds "5"]
[EventCountry "WLS"]
[SourceTitle "EXT 2024"]
[Source "ChessBase"]
[SourceDate "2023.10.10"]
[SourceVersion "1"]
[SourceVersionDate "2023.10.10"]
[SourceQuality "1"]

1. e4 c5 2. Nf3 g6 3. d4 cxd4 4. Nxd4 Nc6 5. Nc3 Bg7 6. Be3 Nf6 7. Bc4 0-0 8. Bb3 a5 9. f3 d5 10. exd5 Nb4 11. Nde2 a4 12. Nxa4 Nfxd5 13. Bf2 b5 14. a3 Nxc2+ 15. Bxc2 bxa4 16. 0-0 Qa5 17. Nd4 Bb7 18. Re1 Rfd8 19. Qb1 Rd7 20. Rd1 Nf4 21. Kh1 Qg5 22. g3 Bxd4 23. Rxd4 Bxf3+ 24. Kg1 Ne2+ 25. Kf1 Nxd4 0-1

[Event "South Wales Summer op"]
[Site "Newport"]
[Date "2015.08.29"]
[Round "2"]
[White "Ehsandar, Peter"]
[Black "Sivarajasingam, Shayanna"]
[Result "1-0"]
[WhiteElo "1939"]
[BlackElo "1664"]
[PlyCount "91"]
[EventDate "2015.08.28"]
[EventType "swiss"]
[EventRounds "6"]
[EventCountry "WLS"]
[SourceTitle "EXT 2018"]
[Source "ChessBase"]
[SourceDate "2017.10.13"]
[SourceVersion "1"]
[SourceVersionDate "2017.10.13"]
[SourceQuality "1"]

1. e4 e6 2. d4 d5 3. Nc3 dxe4 4. Nxe4 Nd7 5. Nf3 Ngf6 6. Bd3 Nxe4 7. Bxe4 Nf6 8. Bg5 Be7 9. Bxf6 Bxf6 10. c3 c6 11. Qc2 h6 12. 0-0-0 Qb6 13. Kb1 Bd7 14. Ne5 Qc7 15. Rhe1 Bxe5 16. dxe5 0-0-0 17. Bf3 Kb8 18. Bh5 Bc8 19. f4 Rd5 20. Bf3 Rdd8 21. h4 b6 22. h5 Bb7 23. g4 c5 24. Qg2 Bxf3 25. Qxf3 Qb7 26. Qxb7+ Kxb7 27. f5 exf5 28. gxf5 Rxd1+ 29. Rxd1 Kc7 30. Rg1 Rg8 31. Kc2 Kc6 32. f6 g5 33. hxg6 fxg6 34. f7 Rf8 35. Rxg6+ Kd5 36. e6 Kd6 37. Rxh6 Ke7 38. Rg6 Rd8 39. Rg8 Rd6 40. Re8+ Kf6 41. f8Q+ Ke5 42. Qg7+ Kd5 43. e7 Re6 44. Rd8+ Kc6 45. Qf7 Re5 46. Qf6+ 1-0

[Event "WLS-ch 61st"]
[Site "Cardiff"]
[Date "2015.04.04"]
[Round "4"]
[White "Ehsandar, Peter"]
[Black "Morris, Charles F"]
[Result "0-1"]
[WhiteElo "1963"]
[BlackElo "2146"]
[PlyCount "56"]
[EventDate "2015.04.03"]
[EventType "swiss"]
[EventRounds "7"]
[EventCountry "WLS"]
[SourceTitle "CBM 165 Extra"]
[Source "ChessBase"]
[SourceDate "2015.04.21"]
[SourceVersion "1"]
[SourceVersionDate "2015.04.21"]
[SourceQuality "1"]

1. e4 e6 2. d4 d5 3. Nc3 Nf6 4. e5 Nfd7 5. f4 c5 6. Nf3 Nc6 7. Be3 cxd4 8. Nxd4 Bc5 9. Qd2 a6 10. 0-0-0 0-0 11. Qf2 Qe7 12. Bd3 f6 13. Qh4 g6 14. exf6 Qxf6 15. Qxf6 Nxf6 16. Nce2 Ng4 17. Bg1 Nxd4 18. Nxd4 Bxd4 19. Bxd4 Rxf4 20. Be2 e5 21. Bxg4 exd4 22. Bf3 Be6 23. Rhe1 Kf7 24. Re5 Rc8 25. Rde1 Bf5 26. Bxd5+ Kf6 27. c3 dxc3 28. b3 Rc5 0-1

[Event "WLS-ch 61st"]
[Site "Cardiff"]
[Date "2015.04.04"]
[Round "3"]
[White "Smith, Lynda"]
[Black "Ehsandar, Peter"]
[Result "0-1"]
[WhiteElo "1906"]
[BlackElo "1963"]
[PlyCount "126"]
[EventDate "2015.04.03"]
[EventType "swiss"]
[EventRounds "7"]
[EventCountry "WLS"]
[SourceTitle "CBM 165 Extra"]
[Source "ChessBase"]
[SourceDate "2015.04.21"]
[SourceVersion "1"]
[SourceVersionDate "2015.04.21"]
[SourceQuality "1"]

1. e4 c5 2. Nc3 g6 3. g3 Bg7 4. Bg2 Nc6 5. d3 e6 6. f4 Nge7 7. Nf3 d5 8. e5 h5 9. Ne2 d4 10. 0-0 Nf5 11. h4 Nb4 12. Ng5 Nd5 13. Rf3 0-0 14. Ne4 Qb6 15. c4 Nde3 16. Bxe3 Nxe3 17. Qb3 Bd7 18. Bh1 Bc6 19. Rf2 f6 20. exf6 Bxf6 21. Qxb6 axb6 22. Nxf6+ Rxf6 23. a3 Ra7 24. Bxc6 bxc6 25. Rc1 Rf5 26. Re1 Kf7 27. Nc1 Ke7 28. Nb3 Rb7 29. Nd2 b5 30. cxb5 cxb5 31. Nf1 Nd5 32. Rfe2 Rb6 33. Nd2 Rc6 34. Rc1 Ne3 35. Nf1 Ng4 36. Nh2 Nxh2 37. Kxh2 c4 38. Rd2 Rd5 39. b3 c3 40. Re2 Ra6 41. Ra2 Rd8 42. Kg2 Rda8 43. Rca1 Kf6 44. Kf3 Kf5 45. a4 Ra5 46. Ra3 R8a7 47. R3a2 Ra8 48. Ra3 e5 49. fxe5 b4 50. R3a2 Rxe5 51. Re2 Rxe2 52. Kxe2 Kg4 53. Kf2 Rf8+ 54. Kg2 Rf3 55. Rd1 Rxg3+ 56. Kf2 Rf3+ 57. Kg2 Rf5 58. Rh1 Re5 59. Kf2 Re3 60. Re1 Rxd3 61. a5 Rd2+ 62. Re2 d3 63. Rxd2 cxd2 0-1

[Event "WLS-ch 61st"]
[Site "Cardiff"]
[Date "2015.04.03"]
[Round "2"]
[White "Ehsandar, Peter"]
[Black "James, Dai"]
[Result "1/2-1/2"]
[WhiteElo "1963"]
[BlackElo "1921"]
[PlyCount "114"]
[EventDate "2015.04.03"]
[EventType "swiss"]
[EventRounds "7"]
[EventCountry "WLS"]
[SourceTitle "CBM 165 Extra"]
[Source "ChessBase"]
[SourceDate "2015.04.21"]
[SourceVersion "1"]
[SourceVersionDate "2015.04.21"]
[SourceQuality "1"]

1. e4 e6 2. d4 d5 3. Nc3 dxe4 4. Nxe4 Nd7 5. Nf3 Ngf6 6. Nxf6+ Nxf6 7. Bg5 Be7 8. c3 h6 9. Be3 Nd5 10. Bd2 c5 11. Bb5+ Bd7 12. Qa4 Nb6 13. Bxd7+ Qxd7 14. Qxd7+ Nxd7 15. Be3 0-0 16. 0-0-0 Rfd8 17. Rd2 Kf8 18. Rhd1 Ke8 19. Kc2 f6 20. Re1 cxd4 21. Nxd4 Kf7 22. f4 Nc5 23. Rde2 f5 24. Bc1 Ne4 25. Nf3 Bf6 26. Nd2 Nxd2 27. Bxd2 Rd6 28. Be3 b6 29. a4 Rc8 30. Rd2 Rcd8 31. Rxd6 Rxd6 32. a5 g5 33. g3 e5 34. fxe5 Bxe5 35. Bxb6 Bxg3 36. hxg3 axb6 37. a6 b5 38. Ra1 Rd8 39. a7 Ra8 40. b4 Ke6 41. Kd3 Kd5 42. Ra5 Kc6 43. Kd4 Kb6 44. c4 bxc4 45. Rxf5 Rxa7 46. Kxc4 Ra3 47. Rf6+ Kb7 48. g4 Rg3 49. Rxh6 Rxg4+ 50. Kc5 Rh4 51. Rg6 g4 52. Rg7+ Kb8 53. b5 Rh5+ 54. Kb6 Rh6+ 55. Ka5 Rh8 56. Rxg4 Rf8 57. Rg6 Rh8 1/2-1/2

[Event "South Wales Autumn op"]
[Site "Wales"]
[Date "2014.10.12"]
[Round "5"]
[White "Ehsandar, Peter"]
[Black "Evans, Nicholas Thomas"]
[Result "0-1"]
[WhiteElo "1973"]
[BlackElo "1792"]
[PlyCount "74"]
[EventDate "2014.10.10"]
[EventType "swiss"]
[EventRounds "5"]
[EventCountry "WLS"]
[SourceTitle "EXT 2016"]
[Source "ChessBase"]
[SourceDate "2015.10.08"]
[SourceVersion "1"]
[SourceVersionDate "2015.10.08"]
[SourceQuality "1"]

1. e4 e5 2. Nf3 Nc6 3. Bb5 a6 4. Ba4 Nf6 5. 0-0 Be7 6. Re1 b5 7. Bb3 d6 8. h3 0-0 9. c3 Na5 10. Bc2 c5 11. d4 Qc7 12. b3 Bd7 13. Bb2 Rac8 14. d5 g6 15. Bc1 Nh5 16. Bh6 Ng7 17. Nbd2 Qd8 18. Nf1 f5 19. Qd2 f4 20. Bd1 Rf7 21. N1h2 Nh5 22. Be2 Kh8 23. Kh1 Nf6 24. Ng5 Qe8 25. Nxf7+ Qxf7 26. Bg5 Nxe4 27. Bxe7 Nxd2 28. Bxd6 Qxd5 29. Be7 Bc6 30. Bf6+ Kg8 31. Nf3 Qe6 32. Bg5 Nxf3 33. Bxf3 Bxf3 34. gxf3 Qxh3+ 35. Kg1 Qxf3 36. Rad1 Qg4+ 37. Kf1 f3 0-1

[Event "East Glamorgan-ch"]
[Site "Cardiff"]
[Date "2014.09.14"]
[Round "4"]
[White "Davis, Lee"]
[Black "Ehsandar, Peter"]
[Result "1/2-1/2"]
[WhiteElo "2100"]
[BlackElo "2038"]
[PlyCount "31"]
[EventDate "2014.09.13"]
[EventType "swiss"]
[EventRounds "5"]
[EventCountry "WLS"]
[SourceTitle "EXT 2016"]
[Source "ChessBase"]
[SourceDate "2015.10.08"]
[SourceVersion "1"]
[SourceVersionDate "2015.10.08"]
[SourceQuality "1"]

1. d4 Nf6 2. Nf3 e6 3. g3 b6 4. Bg2 Bb7 5. 0-0 d5 6. c4 Nbd7 7. Nc3 Bb4 8. Bg5 Bxc3 9. bxc3 h6 10. Bxf6 Nxf6 11. Ne5 0-0 12. Qb3 dxc4 13. Qxc4 Bxg2 14. Kxg2 Qd5+ 15. Qxd5 exd5 16. c4 1/2-1/2

[Event "East Glamorgan-ch"]
[Site "Cardiff"]
[Date "2014.09.14"]
[Round "5"]
[White "Ehsandar, Peter"]
[Black "Fathallah, Joe"]
[Result "1-0"]
[WhiteElo "2038"]
[BlackElo "2000"]
[PlyCount "95"]
[EventDate "2014.09.13"]
[EventType "swiss"]
[EventRounds "5"]
[EventCountry "WLS"]
[SourceTitle "EXT 2016"]
[Source "ChessBase"]
[SourceDate "2015.10.08"]
[SourceVersion "1"]
[SourceVersionDate "2015.10.08"]
[SourceQuality "1"]

1. e4 e6 2. d4 d5 3. Nc3 Nf6 4. e5 Nfd7 5. f4 c5 6. Be3 Nc6 7. Nf3 Be7 8. Qd2 0-0 9. dxc5 Bxc5 10. 0-0-0 Qb6 11. Nd4 Bxd4 12. Bxd4 Nxd4 13. Qxd4 a6 14. Qxb6 Nxb6 15. Rd4 Nd7 16. g3 b5 17. a4 bxa4 18. Rxa4 Bb7 19. Rg1 Rfc8 20. Kd2 Rc7 21. Bd3 Nc5 22. Rd4 f5 23. exf6 gxf6 24. Re1 f5 25. Re5 Kf7 26. Rb4 Ne4+ 27. Bxe4 dxe4 28. Rb6 Re7 29. Rd6 Rc8 30. Ne2 Rc6 31. Rxc6 Bxc6 32. Nd4 Rd7 33. Ke3 Rd6 34. c4 Bd7 35. c5 Rd5 36. c6 Rxe5 37. fxe5 Bc8 38. b4 Ke7 39. Ne2 Kd8 40. Kd4 a5 41. b5 Kc7 42. Kc5 a4 43. Kb4 Kb6 44. Kxa4 Kc5 45. Ka5 e3 46. Nf4 h6 47. Ne2 Kd5 48. Kb6 1-0

[Event "South Wales op 10th"]
[Site "Penarth"]
[Date "2013.07.15"]
[Round "4"]
[White "Rees, Ioan"]
[Black "Ehsandar, Peter"]
[Result "1-0"]
[WhiteElo "2258"]
[BlackElo "1959"]
[PlyCount "91"]
[EventDate "2013.07.14"]
[EventType "swiss"]
[EventRounds "9"]
[EventCountry "WLS"]
[SourceTitle "CBM 155 Extra"]
[Source "ChessBase"]
[SourceDate "2013.08.26"]
[SourceVersion "1"]
[SourceVersionDate "2013.08.26"]
[SourceQuality "1"]

1. d4 Nf6 2. c4 g6 3. Nf3 Bg7 4. Nc3 d6 5. g3 0-0 6. Bg2 a6 7. 0-0 Nc6 8. Qd3 Bd7 9. Rd1 Qc8 10. d5 Nb4 11. Qb1 a5 12. e4 Bg4 13. Bg5 Re8 14. a3 Na6 15. Qc2 Nd7 16. Re1 Bxf3 17. Bxf3 Ne5 18. Be2 Qh3 19. f4 Ng4 20. Bxg4 Qxg4 21. Kg2 h6 22. h3 Qd7 23. Bh4 Rac8 24. g4 Kf8 25. e5 dxe5 26. fxe5 e6 27. Bg3 Kg8 28. Rad1 Rcd8 29. Qf2 b6 30. Qf3 Qe7 31. d6 Qf8 32. Nb5 cxd6 33. exd6 e5 34. Qb7 Nc5 35. Qxb6 Na4 36. Qf2 e4 37. Rd2 Re6 38. Rde2 f5 39. gxf5 gxf5 40. Kh1 Qf6 41. Bh4 e3 42. Rxe3 Rxe3 43. Rxe3 Qf8 44. Bxd8 Qxd8 45. Qxf5 Nxb2 46. d7 1-0